| 000 | 00818nam a2200289Ia 4500 | ||
|---|---|---|---|
| 001 | Para_6900 | ||
| 003 | CHAP | ||
| 008 | 220125s1984 xx 000 0 und d | ||
| 010 | _a205698 | ||
| 040 | _cCHAP | ||
| 090 | _aPA FOLLETO 814 | ||
| 100 |
_aAlvarado Mendoza, Luis I. _94801 |
||
| 245 |
_aLa tuza, daños y su combate / _c por Luis I. Alvarado Mendoza |
||
| 260 |
_aMéxico : _b IMPA |
||
| 300 | _a10 p. | ||
| 650 |
_aAgricultura _x plagas _91764 |
||
| 650 |
_aRoedores _x exterminio _999029 |
||
| 650 |
_aTuzas _9115712 |
||
| 710 |
_aInstituto para el Mejoramiento de la Producción de Azúcar _9164547 |
||
| 901 | _aPA FOLLETO 814 | ||
| 902 | _aA | ||
| 905 | _a0000001984 a 0000000000 00 | ||
| 910 | _a1984 | ||
| 942 | _cPARA | ||
| 942 |
_cPARA _d1 |
||
| 999 |
_c205698 _d205698 |
||